LEADER 01282nam a2200253 i 4500 001 000000182282 003 CaOOAMICUS 005 20091019000000.0 008 091019s1954 be u000 u fre u 013 $a160221 040 $aSeMil$bita 100 1 $aHonigmann, Ernest.$0(OLS)http://semarc/name/40557 245 13$aLe couvent de Barsauma et le patriarcat Jacobite d'Antioche et de Syrie /$cPar Ernest Honigmann. 260 $aLouvain :$bImprimerie Orientaliste,$c1954. 300 $aXXVII, 216 p., [2] c. geog. ripieg. ;$c25 cm. 490 0 $aCorpus Scriptorum Christianorum Orientalium ;$vVol.146. , Subsidia ; Tome 7 490 0 $aCorpus Scriptorum Christianorum Orientalium. Subsidia ;$vTome7 830 0$aCorpus Scriptorum Christianorum Orientalium ;$vVol.146. , Subsidia ; Tome 7.$0(OLS)http://semarc/title/77 830 0$aCorpus Scriptorum Christianorum Orientalium. Subsidia ;$vTome7.$0(OLS)http://semarc/title/9539 850 $aSeMil 852 $aSeMil$W1$xVenegono$y1$m2S III 146$j132986$B132986$CSeMilBibl$Z2$F144765 $81 961 $aOmaggio: Altro 996 $6245$aLe couvent de Barsauma et le patriarcat Jacobite d'Antioche et de Syrie$9(OLS)http://semarc/title/261583 996 $6260$aLouvain :$bImprimerie Orientaliste$9(OLS)http://semarc/publisher/35644 LEADER 00899nam a2200241 i 4500 001 000000182974 003 CaOOAMICUS 005 20091103000000.0 008 091103s1956 it u000 u ita u 013 $a160935 040 $aSeMil$bita 100 1 $aRichelmy, Carlo.$0(OLS)http://semarc/name/67389 245 12$aI preti in Italia /$cCarlo Richelmy. 260 $aRoma :$bCasini,$cstampa 1956. 300 $a226 p. ;$c21 cm. 490 0 $aLa nave d'Ulisse ;$v16 500 $aContiene : Appendice. 650 4$aChiesa cattolica - Clero - Italia.$0(OLS)http://semarc/subject/6276 830 3$aLa nave d'Ulisse ;$v16.$0(OLS)http://semarc/title/15010 850 $aSeMil 852 $aSeMil$W1$xVenegono$y1$m3E II 160$j133678$B133678$CSeMilBibl$Z2$F145427 $81 996 $6245$aI preti in Italia$9(OLS)http://semarc/title/262595 996 $6260$aRoma :$bCasini$9(OLS)http://semarc/publisher/33129